Tribhuvan University Central Library

Daring greatly; how the courage to be vulnerable transforms the way we live, love, parent and lead.- (Record no. 84226)

MARC details
000 -LEADER
fixed length control field 00529nam a22001817a 4500
008 - FIXED-LENGTH DATA ELEMENTS--GENERAL INFORMATION
fixed length control field 190217b xxu||||| |||| 00| 0 eng d
020 ## - INTERNATIONAL STANDARD BOOK NUMBER
International Standard Book Number 978-0-241-25740-1
082 ## - DEWEY DECIMAL CLASSIFICATION NUMBER
Classification number 158
Item number B812d
100 ## - MAIN ENTRY--PERSONAL NAME
Personal name Brown, Brene
245 ## - TITLE STATEMENT
Title Daring greatly; how the courage to be vulnerable transforms the way we live, love, parent and lead.-
260 ## - PUBLICATION, DISTRIBUTION, ETC.
Place of publication, distribution, etc. UK:
Name of publisher, distributor, etc. Penguin Life,
Date of publication, distribution, etc. 2015
300 ## - PHYSICAL DESCRIPTION
Other physical details 287p.
504 ## - BIBLIOGRAPHY, ETC. NOTE
Bibliography, etc. note Bibliography: p. 265-276
650 ## - SUBJECT ADDED ENTRY--TOPICAL TERM
Topical term or geographic name entry element Applied psychology
9 (RLIN) 567
650 ## - SUBJECT ADDED ENTRY--TOPICAL TERM
Topical term or geographic name entry element Courage
650 ## - SUBJECT ADDED ENTRY--TOPICAL TERM
Topical term or geographic name entry element Risk
942 ## - ADDED ENTRY ELEMENTS (KOHA)
Source of classification or shelving scheme Dewey Decimal Classification
Koha item type General Collections
Holdings
Withdrawn status Lost status Source of classification or shelving scheme Damaged status Not for loan Home library Current library Shelving location Date acquired Total Checkouts Full call number Barcode Date last seen Date last checked out Price effective from Koha item type
    Dewey Decimal Classification     Tribhuvan University Central Library Tribhuvan University Central Library New Building 02/17/2019 1 158 B812d 157032 11/30/2020 03/05/2020 02/17/2019 General Collections
    Dewey Decimal Classification     Tribhuvan University Central Library Tribhuvan University Central Library New Building 02/17/2019 2 158 B812d 157033 06/08/2023 05/14/2023 02/17/2019 General Collections